| 000 | 06503nam a22004937a 4500 | ||
|---|---|---|---|
| 005 | 20120104164637.0 | ||
| 010 | _aB-475937-960 | ||
| 020 |
_a9789380823034 _c200.00 |
||
| 035 | _aB-475937-960 | ||
| 037 | _bब्लूबेरी बुक्स | ||
| 082 | _aक | ||
| 100 |
_aसंयोगिता _951123 |
||
| 245 |
_aअलादीन और जादुई चिराग / _cसंयोगिता |
||
| 260 |
_aनई दिल्ली _bप्रतिभा प्रतिष्ठान _c2010 |
||
| 270 |
_a1661, दखनीय स्ट्रीट, नेताजी सुभाष मार्ग, _bनई दिल्ली |
||
| 300 |
_a120पृ. _bसचित्र _c24सेमी ( सजिल्द) |
||
| 942 |
_2ddc _cHN _hक _mसंयोगि |
||
| 999 |
_c60301 _d60301 |
||